250122 - Quiz quotidien du 22 janvier 2025 - Statistiques

Statistiques générales
  • Ce quiz a été pris 25 fois
  • Le résultat moyen est 3 sur 10
Statistiques - réponses
Question Réponse % Correct
Où se trouvent les sièges sociaux de ByteDance, les propriétaires de TikTok ? Pékin
75%
Lequel de ces animaux a la plus longue trompe ? Éléphant
50%
Lequel de ces états ne borde pas la Pennsylvanie ? Michigan
50%
En termes musicaux, quel est l'opposé de "forte" ? Piano
50%
Qui a remporté un Oscar du meilleur acteur en 1990, 2008 et 2013, devenant ainsi la seule personne à avoir remporté trois fois ce prix ? Daniel Day-Lewis
25%
Combien de temps Ulysse est-il resté loin de chez lui lorsqu'il est parti combattre à la guerre de Troie ? 20 ans
0%
Avec une population de 32 millions, quelle est *techniquement* la ville la plus peuplée du monde (bien qu'elle couvre une superficie équivalente à celle de l'Autriche) ? Chongqing
0%
Lequel de ces corps célestes possède des volcans actifs ? Io
0%
Quelle série de fortifications défensives la France a-t-elle construite le long de sa frontière avec l'Allemagne avant la Seconde Guerre mondiale ? Ligne Maginot
0%
Quel ingrédient est utilisé pour colorer et parfumer le riz dans une paella ? Safran
0%
Aucun quiz correspondant
Distribution des résultats
% des personnes avec chaque résultat
Percentile par nombre de réponses
Votre historique - résultats
Vous n’avez pas pris ce quiz